|
|
|
|
| LEADER |
00926nam a2200277 a 4500 |
| 001 |
GR-MES5061 |
| 008 |
991111s1995 xxk 000 b eng d |
| 020 |
|
|
|a 0198287895
|
| 040 |
|
|
|a GrPaTEI
|b gre
|c GR-PaULI
|
| 245 |
0 |
0 |
|a Choice,welfare,and development.
|
| 260 |
|
|
|a oxford :
|b Clarendon press,
|c 1995
|
| 300 |
|
|
|a 343σ.
|
| 500 |
|
|
|a incudes bibliographical references and index
|
| 650 |
|
4 |
|a ΙΝΔΙΑ
|
| 650 |
|
4 |
|a Ιστορία
|
| 650 |
|
4 |
|a ΚΟΙΝΩΝΙΑ
|
| 650 |
|
4 |
|a Οικονομία
|
| 650 |
1 |
0 |
|a 20ος ΑΙΩΝΑΣ
|
| 700 |
1 |
|
|a Basu, K.
|
| 700 |
1 |
|
|a Pattanaik, P.
|
| 700 |
1 |
|
|a Suzumura, K.
|
| 710 |
0 |
|
|a Clarendon press
|
| 942 |
|
|
|2 ddc
|
| 952 |
|
|
|0 0
|1 0
|2 ddc
|4 0
|6 330_100000000000000_BAS
|7 0
|9 275630
|a MSLG
|b MSLG
|c BSC
|d 2021-01-17
|e 24
|f 0
|g 0.00
|l 0
|o 330.1 BAS
|p 2420000015032
|r 2021-01-17 00:00:00
|t 1
|w 2021-01-17
|y BK15
|x 19991111 0 1
|x GrPaTEI
|
| 971 |
|
|
|a .b25835270
|b 15-04-20
|c 14-09-16
|
| 999 |
|
|
|c 159716
|d 159716
|